| 000 | 00381nam a2200145Ia 4500 | ||
|---|---|---|---|
| 008 | 230917s9999||||xx |||||||||||||| ||und|| | ||
| 040 |
_e99088 _aMAIN |
||
| 041 | _aEnglish | ||
| 082 | _a352.054 P977D | ||
| 100 | _aPurushotham, P W | ||
| 245 | 0 | _aDevelopment administration: a rural perspective | |
| 260 |
_aDelhi _bKrishna Publishing _c1993 |
||
| 300 | _axv, 235 p. | ||
| 942 | _cBK | ||
| 999 |
_c76494 _d76494 |
||